000 01350cam a2200133 4500500
005 20251012001011.0
041 _afre
042 _adc
100 1 0 _aMouchenik, Yoram
_eauthor
245 0 0 _aL’enfant vulnérable : Psychothérapie transculturelle en pays Kanak (Nouvelle-Calédonie)
260 _bLa Pensée sauvage,
_c2004.
520 _aCe livre présente l’enfant kanak qui naît et grandit en Nouvelle-Calédonie dans sa famille, ses langues et sa culture. Il relate le travail de psychothérapie transculturelle développé auprès des enfants en difficultés psychologiques et de leurs familles dans les tribus des îles Loyauté de Maré et d'Ouvéa. L’auteur inscrit le questionnement ethnographique au cœur de la pratique clinique. Par la description précise de trois situations d’enfants, il donne à voir les enjeux et les complexités de la société kanak, la place et le statut de l’enfant et, malgré les apparentes différences, les possibilités de soins avec les outils de l’anthropologie et de la psychanalyse. Du singulier à l'universel tel est l'objectif de ce livre qui s'adresse à tous ceux qui, ici ou ailleurs, veulent mieux comprendre et mieux soigner les enfants « vulnérables ».
856 4 1 _uhttps://shs.cairn.info/l-enfant-vulnerable--9782859191917?lang=fr&redirect-ssocas=7080
999 _c1511978
_d1511978